London Trivia of Increasing Difficulty #pt1 - Statistics

General Stats
  • This quiz has been taken 44 times
  • The average score is 19 of 25
Answer Stats
Hint Answer % Correct
. Main river that flows through london Thames
100%
Bridge famous for "falling down" in a nursery rhyme London Bridge
91%
Famous bridge that can open to let ships through Tower Bridge
91%
What historic London palace became the monarch’s main residence during the reign of Queen Victoria Buckingham Palace
88%
Author of books such as Oliver Twist and A Christmas Carol Charles Dickens
88%
What major disaster destroyed much of London in 1666 Great Fire of London
88%
The originally norman fortification that now holds the Crown Jewels Tower of London
85%
Victorian Serial killer who terrorised Whitechapel Jack the Ripper
82%
Official residence of the Prime Minister 10 Downing Street
79%
Theatre most commonly associated with Shakespeare Globe Theatre
79%
Tallest building in London The Shard
79%
Name of the road where the beatles recording studio was Abbey Road
76%
North London football team known as the Gunners Arsenal
76%
Name of the man whose attempt to blow up the houses of parliment is crememorated on the 5th of November Guy Fawkes
76%
Station associated with the fictional hogwarts express Kings Cross
76%
The name for the bombing of london during WWII Blitz
74%
Which stadium in London is traditionally used for the FA Cup Final and is considered by some the home of football Wembley
74%
Nickname of the Yeoman of guard the body guards of the king Beefeaters
71%
Music artist associated with camden, whose song include "Back to black" Amy Winehouse
68%
Roman name for London Londinium
68%
Headquarters of the Metropolitan police Scotland Yard
68%
Cathedral consecrated in 1065 where people like Edward the Confessor and Isaac Newton are buried Westminster Abbey
68%
Worlds first "metro", which first line, The metropolitan line, opened in 1863 London Underground
65%
What monumnet sits at the centre of trafalgar square Nelsons column
56%
The building where the Uk's gold reserve is held Bank of England
47%
No matching quizzes found
Score Distribution
Percent of People with Each Score
Percentile by Number Answered
Your Score History
You have not taken this quiz